000 00365nam a2200157Ia 4500
005 20250425161423.0
008 250425s9999 xx 000 0 und d
041 _aspa
082 _aIBM4381
245 0 _aNUEVAS TABLAS DE LOGARITMOS CON CINCO DECIMAL
250 _aS.E.
260 _aS.L.
260 _aSin Pais
_bREVE
_c1960
942 _c01
010 _a19923
999 _c208903
_d208903